000 00490nam a2200157 i 4500
001 87528
003 ES-MaACL
005 20230906175704.0
007 t|
008 041222s1958 sp ||||1| fre d
100 1 _aKucera, Enrique.
_968945
245 1 4 _aUne principauté au coeur des Pyrenées
_b: les Vallées d'Andorra /
_cpar Henric Kucera.
260 _aBarcelona :
_bEnrique Kucera,
_c[1958] (
_fS.A.D.A.G.)
300 _a63 p. :
_bil. ;
_c14 cm.
852 _aES-MaACL
_jD-8374
_bR.42384
999 _c87528
_d87528